| 000 | 00369nam a22001577a 4500 | ||
|---|---|---|---|
| 003 | OSt | ||
| 005 | 20211227141930.0 | ||
| 008 | 211227b |||||||| |||| 00| 0 eng d | ||
| 020 | _a0078811309 | ||
| 040 | _cHU | ||
| 082 | _a005.13 | ||
| 100 |
_aAndrews Mark _925445 |
||
| 245 | _aApple -E Roots:Assembly Language Programming | ||
| 300 | _f352 | ||
| 942 |
_2ddc _cBOOKS _n0 |
||
| 999 |
_c24371 _d24371 |
||